000 00594nam a22002177a 4500
003 OSt
005 20140310182316.0
008 130313t xxu||||| |||| 00| 0 eng d
020 _a0669102695
050 _aQA 107
_b.R835 1987
082 _aGS 511
_bR82 1987
100 _aRucker, Walter E.
_921039
245 _aHeath mathematics :
_cRucker, Walter E.
_blevel 3 /
260 _a Lexington, Mass. :
_bHeath,
_c1987.
300 _a396 p. :
_c26 cm.
_bcol. ill. ;
500 _aIncludes index.
650 _aMathematics.
_9210
942 _2lcc
_cBK-GS
999 _c11747
_d11747